| Tag |
First Indicator |
Second Indicator |
Subfields |
| LEADER |
00000cam a22000001a 4500 |
| 001 |
in00003358430 |
| 006 |
m d f |
| 007 |
cr bn mmmapmmp |
| 008 |
100717s1997 dcu o f000 0 eng d |
| 005 |
20260430153250.4 |
| 035 |
|
|
|a cis2007891719
|
| 040 |
|
|
|a ProQuest
|c ProQuest
|d UtOrBLW
|
| 043 |
|
|
|a n-us---
|
| 099 |
|
|
|a CRS-1997-FND-0174
|
| 110 |
2 |
|
|a Library of Congress.
|b Congressional Research Service.
|
| 245 |
1 |
0 |
|a Cambodia :
|b Problems, Prospects and U.S. Policy Concerns.
|
| 264 |
|
1 |
|a [Place of publication not identified] :
|b [publisher not identified],
|c 1997.
|
| 300 |
|
|
|a 1 online resource.
|
| 336 |
|
|
|a text
|b txt
|2 rdacontent
|
| 337 |
|
|
|a computer
|b c
|2 rdamedia
|
| 338 |
|
|
|a online resource
|b cr
|2 rdacarrier
|
| 500 |
|
|
|a Record is based on bibliographic data in ProQuest U.S. Congressional Research Digital Collection (last viewed July 2010). Reuse except for individual research requires license from ProQuest, LLC.
|
| 500 |
|
|
|a CRS Report.
|
| 520 |
|
|
|a Describes the Cambodian peace agreement of 1991, its implementation through the UN Transitional Authority in Cambodia (UNTAC), the national elections and departure of UNTAC, subsequent political and insurgency events, prospects, and U.S. policy concerns. Includes chronology of events.
|
| 500 |
|
|
|a Electronic resource.
|
| 650 |
|
0 |
|a Insurgency.
|
| 650 |
|
0 |
|a Treaties.
|
| 651 |
|
0 |
|a Cambodia.
|
| 655 |
|
7 |
|a Electronic books.
|2 local
|
| 710 |
2 |
|
|a ProQuest (Firm)
|
| 776 |
0 |
8 |
|i Microfiche version:
|a Library of Congress. Congressional Research Service.
|t Cambodia
|
| 830 |
|
0 |
|a U.S. Congressional Research.
|
| 856 |
4 |
0 |
|u http://proxy.library.tamu.edu/login?url=https://congressional.proquest.com/congcomp/getdoc?CRDC-ID=CRS-1997-FND-0174
|z Connect to the full text of this electronic book
|t 0
|
| 999 |
|
|
|a MARS
|
| 999 |
f |
f |
|s d69959fb-55cf-3cc1-b803-738db5274ab8
|i 6b505ba2-1018-34d0-b801-ba5b41fb2362
|t 0
|
| 952 |
f |
f |
|a Texas A&M University
|b College Station
|c Electronic Resources
|s www_evans
|d Available Online
|t 0
|e CRS-1997-FND-0174
|h Other scheme
|
| 998 |
f |
f |
|a CRS-1997-FND-0174
|t 0
|l Available Online
|